Hidrografía del arroyo Claromecó /
Guardado en:
| Otros Autores: | , |
|---|---|
| Formato: | Manuscrito |
| Idioma: | Spanish |
| Publicado: |
2003.
|
| Materias: | |
| Etiquetas: |
Agregar Etiqueta
Sin Etiquetas, Sea el primero en etiquetar este registro!
|
| LEADER | 00867ntm a22001935a 4500 | ||
|---|---|---|---|
| 001 | EUN.eunm000409 | ||
| 008 | 050307s2003####ag#######bm###000#0#spa#d | ||
| 005 | 20260424090536.0 | ||
| 245 | 1 | 0 | |a Hidrografía del arroyo Claromecó / |c María Elizabeth Carbone ; directora: María Cintia Piccolo ; codirector: Gerardo M. E. Perillo. |
| 260 | |c 2003. | ||
| 300 | |a 178 h. : |b il. col. ; |c 30 cm. + mapas. | ||
| 502 | |a Tesis (doctoral)--Universidad Nacional del Sur. Departamento de Geografía, 2004. | ||
| 504 | |a Incluye referencias bibliográficas. | ||
| 100 | 1 | |a Carbone, María Elizabeth, |d 1970- |4 dis | |
| 700 | 1 | |a Piccolo, María Cintia, |d 1951- |4 ths | |
| 710 | 2 | |a Universidad Nacional del Sur. |b Departamento de Geografía |4 dgg. | |
| 650 | 7 | |a Hidrografía. |2 Unbis | |
| 650 | 7 | |a Estudios hidrográficos. |2 Unbis | |
| 859 | |a AR-BaUNS |b BIB. CENTRAL - Tesis |h 040 |i B148 2004-670 |k R |p 114861/004 | ||
